000 00278nam a22001337a 4500
999 _c167651
_d167651
020 _a
082 _a
_b
100 _aAugusta Klein
245 _aLegends and myths of spiritual India/
_cby Augusta Klein.
260 _a
_b
_c
300 _a
650 _a
942 _cBK